Countries of Asia With the Letter E - Statistics

General Stats
  • This quiz has been taken 95 times
  • The average score is 20 of 21
Answer Stats
Countries % Correct
Yemen
99%
Armenia
98%
Azerbaijan
98%
Turkmenistan
98%
Israel
96%
Turkey
96%
United ArabEmirates
96%
Indonesia
95%
Nepal
95%
Uzbekistan
95%
Lebanon
94%
North Korea
94%
South Korea
94%
Vietnam
94%
Philippines
93%
Singapore
93%
Bangladesh
91%
Georgia
91%
Brunei
90%
East Timor
90%
Maldives
89%
No matching quizzes found
Score Distribution
Percent of People with Each Score
Percentile by Number Answered
Your Score History
You have not taken this quiz